Statistics for Neighbors of Russian neighbors

Click here to take the quiz!

General Stats

  • This quiz has been taken 692 times
    (513 since last reset)
  • The average score is 19 of 24

Answer Stats

Answer % Correct
Sweden
94%
India
91%
South Korea
88%
Germany
88%
Turkey
88%
Romania
86%
Vietnam
85%
Slovakia
85%
Nepal
84%
Laos
82%
Hungary
82%
Iran
82%
Uzbekistan
81%
Pakistan
80%
Turkmenistan
79%
Czech republic
78%
Tajikistan
77%
Afghanistan
76%
Moldova
76%
Armenia
75%
Bhutan
75%
Burma
73%
Kyrgyzstan
71%
Russia
7%

Score Distribution

Percentile by Number Answered

Percent of People with Each Score

Your Score History

You have not taken this quiz since the last reset